Language Quiz

Random Language Quiz

Geordie words Quiz Stats

 Plays Quiz not verified by Sporcle

Challenge
Share
Tweet
Embed
Score 0/55 Timer 08:00
0 Plays Today
Geordie word Queen's English word % Correct
lassgirl
85.2%
bairnKid
81.4%
cannitcan't
78%
cannyQuite
77.5%
nowtnothing
76.5%
summitsomething
76.5%
heedhead
75%
gobmouth
73.9%
toontown
72.9%
aaldOld
71.6%
divintDon't
71.4%
bonnypretty
70.8%
gizgive
70.1%
wormy
65.5%
polispolice
63.6%
ganningoing
63.1%
tattiepotato
62.5%
broonbrown
62.3%
marraFriend
60.6%
hooshouse
59.5%
tabfag
58.9%
hawaycome on
58.5%
baalball
57.2%
langlong
56.8%
aforebefore
55.7%
klartmud
55.1%
uzme
51.5%
hyemhome
50.8%
Geordie word Queen's English word % Correct
baitlunch
50.6%
hoyThrow
50%
owaover
49.4%
hankyhandkerchief
47.9%
hackyMuddy
44.5%
nettytoilet
43.2%
brayhit
40.9%
wifeywoman
33.9%
kenknow
33.1%
ketsweet
31.6%
spelksplinter
31.1%
borralend
30.7%
fawafour
29.7%
radgieangry
29.7%
geetvery
28.8%
burnstream
23.9%
gadgieold man
23.7%
sacklessstupid
23.7%
spuggysparrow
22%
laernteach
20.8%
blaablow
20.6%
bankhill
18.6%
aI
17.4%
dunschbump
10.6%
wormdragon
8.9%
leafield
8.9%
stanstone
6.4%

You're not logged in!

Compare scores with friends on all Sporcle quizzes.
Join for Free
OR
Log In

You Might Also Like...

Show Comments

Extras

Top Quizzes Today


Score Distribution

Your Account Isn't Verified!

In order to create a playlist on Sporcle, you need to verify the email address you used during registration. Go to your Sporcle Settings to finish the process.

Report this User

Report this user for behavior that violates our Community Guidelines.

Details: